Lanean...

Planning for social and economics development

Xehetasun bibliografikoak
Beste egile batzuk: Bharadwaj, R,ed, Nadkarni, M V, ed
Formatua: Printed Book
Hizkuntza:Undetermined
Argitaratua: New Delhi Sage Publications 1992
LEADER 00580nam a2200157Ia 4500
008 161229s9999 xx 000 0 und d
020 |a 8170363020 
082 |a 306 BHA/PL 
245 |a Planning for social and economics development 
260 |b Sage Publications   |a New Delhi  |c 1992 
300 |a 274 
700 |a Bharadwaj, R,ed. 
700 |a Nadkarni, M V, ed. 
942 |c BK 
999 |c 154318  |d 154318 
952 |0 0  |1 0  |4 0  |6 306_000000000000000_BHAPL  |7 0  |9 153394  |a KAUCLV  |b KAUCLV  |d 2016-12-29  |g 275.00  |o 306 BHA/PL  |p 905627  |r 2016-12-29  |w 2016-12-29  |y BK  |z Book transferred from CCBM Library ,Acc.No:2924